|
|
|
|
| LEADER |
00712nam a2200193Ia 4500 |
| 001 |
CTU_127218 |
| 008 |
210402s9999 xx 000 0 und d |
| 082 |
|
|
|a 572
|
| 082 |
|
|
|b N532
|
| 245 |
|
0 |
|a New horizons in biological chemistry :
|
| 245 |
|
4 |
|b the proceedings of the symposium held in honor of Professor Kunio Yagi on the occasion of the 60th birthday anniversary under the auspices of the Japanese Biochemical Society
|
| 245 |
|
0 |
|c Edited by Masahiko Koike ... [et al.]
|
| 260 |
|
|
|a Tokyo
|
| 260 |
|
|
|b Japan Scientific Societies Press
|
| 260 |
|
|
|c c1980
|
| 650 |
|
|
|a Yagi, Kunio,Biochemistry
|
| 650 |
|
|
|x Congresses
|
| 904 |
|
|
|i Hiếu
|
| 980 |
|
|
|a Trung tâm Học liệu Trường Đại học Cần Thơ
|